| 000 | 00372nam a2200109Ia 4500 | ||
|---|---|---|---|
| 008 | 171204s9999 xx 000 0 und d | ||
| 245 | _aComputer Games and Technical Communication: | ||
| 245 | _cJennifer deWinter and Ryan M. Moeller | ||
| 260 | _c2014 | ||
| 650 | _xG-ENG05 Technical Writing Focused on Discipline | ||
| 856 | _uhttp://down.ebook777.com/039/9781472426406.pdf | ||
| 999 |
_c345499 _d345499 |
||